000 00317nam a22001337a 4500
008 170814b xxu||||| |||| 00| 0 eng d
020 _a07611/8022
041 _aeng
080 _a51
100 _a36
101 _aMAT
245 _aMATHEMATICAL STRUCTURE FOR COMPUTER SCIENCE
_cGERSTEING.J.L
942 _2udc
_cBK
999 _c23387
_d23387